Ładuje się......

An anthology of Indian poems native petals

Opis bibliograficzny
1. autor: James,Jancy Ed
Format: Printed Book
Wydane: Poetree garden, Trivandrum 2005
Hasła przedmiotowe:
LEADER 00459nam a2200157 4500
082 |a 821 JAM 
100 |a James,Jancy Ed. 
245 |a An anthology of Indian poems native petals  |c James,Jancy Ed. 
250
260 |a Poetree garden, Trivandrum  |c 2005 
300 |a 166 P 
490
650 |a Indian poetry 
942 |c BK 
999 |c 188288  |d 188288 
952 |0 0  |1 0  |4 0  |6 821_000000000000000_JAM  |7 0  |9 201637  |a ISL  |b ISL  |l 0  |o 821 JAM  |p ISL02624  |r 2019-10-28  |w 2019-10-28  |y BK